000 00426nam a2200169 a 4500
001 0000-8545
003 ELIB.Books
008 110520 1989
035 _a(ELIB.Books)0000-8690
082 _aB
_bWhi
100 _aWhite, Mel
245 _aThe Untold Story Aquino
260 _bEngland: Word Publishing. Word (UK) Ltd.
_c1989
650 _aBiography
942 _2ddc
_cBK
998 _cbat
_e2011-05-20
999 _c8545
_d8545